000
00279nam a2200133Ia 4500
100
_a
Thadani/B.N
942
_c
BK
654
_a
statics
245
_a
Graphic Statics for Engg
260
_b
A.R .Seth & Co
_a
Bombay
_c
2001
082
_a
624.1
300
_a
160
546
_a
ENGLISH
999
_c
32499
_d
32499